A writer's reference / (Record no. 1715)

MARC details
000 -LEADER
fixed length control field 01067cam a2200241 4500
001 - CONTROL NUMBER
control field 2171
003 - CONTROL NUMBER IDENTIFIER
control field OCoLC
005 - DATE AND TIME OF LATEST TRANSACTION
control field 20181127164703.0
007 - PHYSICAL DESCRIPTION FIXED FIELD--GENERAL INFORMATION
fixed length control field co ugu--------
008 - FIXED-LENGTH DATA ELEMENTS--GENERAL INFORMATION
fixed length control field 020430r20011999mau f 001 0 eng c
020 ## - INTERNATIONAL STANDARD BOOK NUMBER
International Standard Book Number 0312401612
100 1# - MAIN ENTRY--PERSONAL NAME
Personal name Hacker, Diana,
Dates associated with a name 1942-
245 12 - TITLE STATEMENT
Title A writer's reference /
Statement of responsibility, etc. Diana Hacker.
250 ## - EDITION STATEMENT
Edition statement 4th ed.
260 ## - PUBLICATION, DISTRIBUTION, ETC.
Place of publication, distribution, etc. Boston :
Name of publisher, distributor, etc. Bedford/St. Martin's,
Date of publication, distribution, etc. 1999.
300 ## - PHYSICAL DESCRIPTION
Extent xxiv, 424, 25 p. ;
Dimensions 21 cm.
500 ## - GENERAL NOTE
General note Includes index.
General note On cover: Updated with APA's 2001 guidelines.
505 0# - FORMATTED CONTENTS NOTE
Formatted contents note Composition/Style -- Composing and revising -- Research writing -- Effective sentences -- Word choice -- Correctness -- Grammatical sentences -- ESL trouble spots -- Punctuation -- Spelling and mechanics -- Format/Basic grammar -- Document design -- MLA documentation -- Alternative styles of documentation -- Basic grammar.
650 #0 - SUBJECT ADDED ENTRY--TOPICAL TERM
Topical term or geographic name entry element English language
General subdivision Grammar
Form subdivision Handbooks, manuals, etc.
Topical term or geographic name entry element English language
General subdivision Rhetoric
Form subdivision Handbooks, manuals, etc.
Topical term or geographic name entry element Report writing
Form subdivision Handbooks, manuals, etc.
Holdings
Withdrawn status Lost status Source of classification or shelving scheme Damaged status Not for loan Collection code Home library Current library Shelving location Serial Enumeration / chronology Inventory number Total Checkouts Full call number Barcode Date last seen Price effective from Koha item type
    Dewey Decimal Classification     Main TEST RTC Library RTC Library Main opac 1291   808.04 HAC 30000972 27/11/2018 27/11/2018 Main
Royal Thimphu College || All Right Reserved